000 00363nam a2200133Ia 4500
008 231129s2008||||xx |||||||||||||| ||spa||
020 _a978-958-8377-01-8
040 _bspa
082 _aR 912 A881e
245 0 _aAtlas del estudiante
260 _c2008
264 _aDorking Kindersley; Bogotá: El Espectador
942 _2ddc
_cBKS
999 _c5830
_d5830